Jurassic Park Characters - Statistics

General Stats
  • This quiz has been taken 62 times
  • The average score is 28 of 83
Answer Stats
Movie Character % Correct
JP Alan Grant
91%
JP3 Alan Grant
91%
JWD Alan Grant
91%
JP John Hammond
87%
JPLW John Hammond
87%
JP Ellie Sattler
80%
JP3 Ellie Sattler
80%
JWD Ellie Sattler
80%
JP Ian Malcolm
74%
JPLW Ian Malcolm
74%
JWFK Ian Malcolm
74%
JWD Ian Malcolm
74%
JW Owen Grady
67%
JWFK Owen Grady
67%
JWD Owen Grady
67%
JP Dennis Nedry
63%
JP Robert Muldoon
57%
JP Lex Murphy
56%
JPLW Lex Murphy
56%
JP Tim Murphy
56%
JPLW Tim Murphy
56%
JW Claire Dearing
54%
JWFK Claire Dearing
54%
JWD Claire Dearing
54%
JP Donald Gennaro
52%
JP Henry Wu
52%
JW Henry Wu
52%
JWFK Henry Wu
52%
JWD Henry Wu
52%
JP Ray Arnold
50%
JPLW Sarah Harding
46%
JPLW Nick Van Owen
37%
JP3 Paul Kirby
35%
JP3 Amanda Kirby
33%
JW Gray
33%
JP Lewis Dodgson
33%
JW Barry
31%
JWD Barry
31%
JPLW Roland Tembo
31%
JPLW Eddie Carr
30%
JW Vic Hoskins
30%
JWFK Maisie Lockwood
28%
JWD Maisie Lockwood
28%
JP3 Udesky
28%
JPLW Dieter Stark
26%
JPLW Peter Ludlow
24%
JP3 Ben Hildebrand
20%
JWFK Benjamin Lockwood
20%
JW Zach Mitchell
20%
JP3 Billy Brennan
19%
JPLW Robert Burke
19%
JW Zara
19%
JPLW Ajay Sidhu
17%
JP3 Erik Kirby
17%
JP3 M.B. Nash
15%
JWFK Ken Wheatley
13%
JW Lowery
13%
JWFK Franklin Webb
11%
JWD Franklin Webb
11%
JPLW Kelly Curtis Malcolm
11%
JW Vivian
11%
JWFK Zia Rodriguez
11%
JWD Zia Rodriguez
11%
JWFK Iris
9%
JP Juanito Rostagno
9%
JP Gerry Harding
7%
JWFK Gunnar Eversol
7%
JW Hamada
7%
JWD Kayla Watts
7%
JP3 Mark Degler
6%
JWD Rainn Delacourt
6%
JWD Ramsay Cole
6%
JPLW Cathy Bowman
4%
JP3 Enrique Cardoso
4%
JW Simon Marsani
4%
JP3 Charlie Degler
2%
JWD Charlotte Lockwood
2%
JP3 Cheryl Logan
2%
JWD Wyatt Huntley
2%
JWD Gemma Zhao
0%
JWD Jeremy Bernier
0%
JW Karen Michell
0%
JWFK Senator Sherwood
0%
No matching quizzes found
Score Distribution
Percent of People with Each Score
Percentile by Number Answered
Your Score History
You have not taken this quiz